Les plus grandes villes germanophones - Statistiques

Statistiques générales
  • Ce quiz a été pris 101 fois
  • Le résultat moyen est 15 sur 30
Statistiques - réponses
Population Ville % Correct
3 596 999 Berlin
99%
1 478 638 Munich
96%
1 808 846 Hambourg
85%
2 005 760 Vienne
84%
743 268 Francfort-sur-le-Main
82%
1 017 355 Cologne
75%
433 989 Zurich
71%
598 246 Dortmund
70%
610 458 Stuttgart
70%
598 899 Leipzig
65%
611 258 Düsseldorf
63%
522 554 Nuremberg
61%
557 782 Dresde
58%
575 071 Brême
56%
513 291 Hanovre
52%
571 032 Essen
47%
302 749 Graz
45%
313 693 Mannheim
38%
305 408 Karlsruhe
35%
261 178 Aix-la-Chapelle
34%
321 544 Bonn
33%
294 647 Augsbourg
30%
330 072 Bielefeld
27%
354 288 Bochum
26%
501 415 Duisbourg
22%
264 130 Gelsenkirchen
22%
264 089 Mönchengladbach
22%
303 772 Münster
16%
356 768 Wuppertal
15%
284 260 Wiesbaden
9%
Aucun quiz correspondant
Distribution des résultats
% des personnes avec chaque résultat
Percentile par nombre de réponses
Votre historique - résultats
Vous n’avez pas pris ce quiz